<?xml version="1.0" encoding="UTF-8"?>
<collection xmlns="http://www.loc.gov/MARC21/slim">
    <record>
        <controlfield tag="001">76389</controlfield>
        <controlfield tag="005">20190115134125.0</controlfield>
        <datafield tag="037" ind1=" " ind2=" ">
            <subfield code="a">TAZ-TFG-2018-4343</subfield>
        </datafield>
        <datafield tag="041" ind1=" " ind2=" ">
            <subfield code="a">spa</subfield>
        </datafield>
        <datafield tag="100" ind1="1" ind2=" ">
            <subfield code="a">Miguel Soro, Andrés</subfield>
        </datafield>
        <datafield tag="242" ind1="0" ind2="0">
            <subfield code="a">The descolonization process in Equatorial Guinea and its present consequences. (1968-2018)</subfield>
        </datafield>
        <datafield tag="245" ind1="0" ind2="0">
            <subfield code="a">El proceso de descolonización en Guinea Ecuatorial y sus consecuencias en la actualidad. (1968-2018)</subfield>
        </datafield>
        <datafield tag="260" ind1=" " ind2=" ">
            <subfield code="a">Zaragoza</subfield>
            <subfield code="b">Universidad de Zaragoza</subfield>
            <subfield code="c">2018</subfield>
        </datafield>
        <datafield tag="506" ind1=" " ind2=" ">
            <subfield code="a">by-nc-sa</subfield>
            <subfield code="b">Creative Commons</subfield>
            <subfield code="c">3.0</subfield>
            <subfield code="u">http://creativecommons.org/licenses/by-nc-sa/3.0/</subfield>
        </datafield>
        <datafield tag="520" ind1=" " ind2=" ">
            <subfield code="a">El 12 de octubre de 1968, Guinea Ecuatorial proclamó su independencia del Estado español, poniendo fin a casi dos siglos de ocupación marcados por el predominio de los abusos y la explotación. Este Trabajo de Fin de Grado supone un análisis de los efectos que ha tenido esta descolonización sobre el territorio y la población ecuatoguineana, los cuales, a lo largo de cincuenta años, han estado sometidos a dos dictaduras, cuyos dirigentes han atendido más a su enriquecimiento personal que al desarrollo de la población, llevando a cabo un saqueo de los recursos del país del mismo modo que los españoles lo hicieron en el pasado.  On October 12, 1968, Equatorial Guinea proclaimed its independence from Spain, ending an occupation for two centuries, where abuses and exploitation predominated. This Final Degree Project is an analysis of the effects of this decolonization on the Equatorial Guinean territory and its population, which, over fifty years, have been subjected by two dictatorships, whose leaders have been more interested in their own enrichment than to the development of the population, carrying out a looting of the country's resources in the same way that the Spaniards did in the past.</subfield>
        </datafield>
        <datafield tag="521" ind1=" " ind2=" ">
            <subfield code="a">Graduado en Historia</subfield>
        </datafield>
        <datafield tag="540" ind1=" " ind2=" ">
            <subfield code="a">Derechos regulados por licencia Creative Commons</subfield>
        </datafield>
        <datafield tag="700" ind1=" " ind2=" ">
            <subfield code="a">Ceamanos Llorens, Roberto</subfield>
            <subfield code="e">dir.</subfield>
        </datafield>
        <datafield tag="710" ind1="2" ind2=" ">
            <subfield code="a">Universidad de Zaragoza</subfield>
            <subfield code="b">Historia Moderna y Contemporánea</subfield>
            <subfield code="c">Historia Contemporánea</subfield>
        </datafield>
        <datafield tag="856" ind1="0" ind2=" ">
            <subfield code="f">649701@celes.unizar.es</subfield>
        </datafield>
        <datafield tag="856" ind1="4" ind2=" ">
            <subfield code="s">510447</subfield>
            <subfield code="u">http://zaguan.unizar.es/record/76389/files/TAZ-TFG-2018-4343.pdf</subfield>
            <subfield code="y">Memoria (spa)</subfield>
        </datafield>
        <datafield tag="909" ind1="C" ind2="O">
            <subfield code="o">oai:zaguan.unizar.es:76389</subfield>
            <subfield code="p">driver</subfield>
            <subfield code="p">trabajos-fin-grado</subfield>
        </datafield>
        <datafield tag="950" ind1=" " ind2=" ">
            <subfield code="a"></subfield>
        </datafield>
        <datafield tag="951" ind1=" " ind2=" ">
            <subfield code="a">deposita:2019-01-15</subfield>
        </datafield>
        <datafield tag="980" ind1=" " ind2=" ">
            <subfield code="a">TAZ</subfield>
            <subfield code="b">TFG</subfield>
            <subfield code="c">FFYL</subfield>
        </datafield>
        <datafield tag="999" ind1=" " ind2=" ">
            <subfield code="a">20181116115110.CREATION_DATE</subfield>
        </datafield>
    </record>

    
</collection>